000 01467nam a2200289Ia 4500
999 _c40828
_d40828
001 7468
003 GE_BSU
005 20191227174836.0
008 181216s2013||||ge |||||||||||||| ||geo||
020 _a9789941212239
040 _cGE_BSU
041 _ageo
080 _a27-36(479.22) წ-71
245 _aწმინდა ალექსი შუშანია /
_cშემდგ. კახაბერ კენკიშვილი; პროექტის რედ. თამარ მამაცაშვილი
264 _aთბილისი :
_bპალიტრა L,
_c2013.
300 _a192 გვ.;
_b20 სმ.
490 _aსაქართველოს იმედი : ყველა წმინდანი, რომელთა შესახებაც უნდა იცოდე,
_xISSN 2298-0547
541 _h3 ლ.
600 _a ალექსი (შუშანია, 1852-1923)
_95995
653 _aრელიგია
653 _aქართველი წმინდანები
653 _aქადაგებები
653 _aსამონასტრო ცხოვრება საქართველოში
700 _aკენკიშვილი, კახაბერ
_eშემდგენელი
_95996
700 _aმამაცაშვილი, თამარ
_eპროექტის რედაქტორი
_95997
942 _cBK
_2udc